00549nam a22001697a 450000500170000001000130001702000140003003500110004403700160005508200080007110000400007924500620011924600510018126000510023227000730028330000230035620200603131032.0 aUR-10776 c300.00a- aU-9331 bDBAD/PUBa- a841 aشا يق علی خا ن ہند و  aکلا م ہند و cشا يق علی خا ن ہند و  bKalam-e-Hindu (Urdu)aby Shaiq Ali Khan Hindu aDelhibEducational Publishing House c2019 ء a3191,Vakil Street,Kucha Pandit Lal Kuan,bDelhie110006k23216162l- a240 ص c22 Cm(Hb)